| 000 | 003560000a22001570004500 | ||
|---|---|---|---|
| 001 | 000141 | ||
| 003 | MACL | ||
| 040 | _aMACL | ||
| 090 |
_c141 _d141 |
||
| 100 | _aSivasankari, | ||
| 245 |
_aKnit India Through Literature Volume 1 _bThe South _cSivasankari |
||
| 260 |
_aEastwest Books, _c1998 |
||
| 350 | _a750 | ||
| 650 | _aLiterature | ||
| 942 |
_k800 _cBook |
||
| 999 |
_c49448 _d49448 |
||